| 000 | 00347nam a22000977a 4500 | ||
|---|---|---|---|
| 999 |
_c521685 _d521685 |
||
| 082 | _aTNC T39 T226 | ||
| 100 |
_aInstitute Of Wood Science And Technology _935851 |
||
| 245 |
_aSelected Reading On Intellectual Property Rights: _bContemporary And Emerging Issues |
||
| 260 |
_aBangalore _bInstitute Of Wood Science And Technology _c2006 |
||
| 300 | _a136p. | ||